Celebrities by Birth Names 2 - Statistics

General Stats
  • This quiz has been taken 1,167 times
  • The average score is 5 of 15
Answer Stats
Birth Name Celebrity Name % Correct
Stefani Germanotta Lady Gaga
81%
Joaquin Bottom Joaquin Phoenix
63%
Robyn Fenty Rihanna
56%
Shawn Carter Jay-Z
54%
Paul Hewson Bono
34%
Dino Crocetti Dean Martin
34%
Kathryn Hudson Katy Perry
31%
Aubrey Graham Drake
30%
Christopher Wallace Biggie Smalls
22%
Terry Bollea Hulk Hogan
22%
Peter Hernandez Bruno Mars
20%
Saul Hudson Slash
17%
Demetria Guynes Demi Moore
12%
Mark Sinclair Vin Diesel
11%
Eric Bishop Jamie Foxx
9%
No matching quizzes found
Score Distribution
Percent of People with Each Score
Percentile by Number Answered
Your Score History
You have not taken this quiz